01160caa a22001572a 4500001000900000003001100009008004300020100002700063245011100090300001600201500012500217773016500342773016500507773016500672773016500837 019778 AR-FADEU 311216n########xxu####################dd aJunyent Bas, Francisco aGlobalizar la solidaridad : las cooperativas de trabajo son una alternativa viable en el proceso concursal aPP. 291-342 aEn: Derecho comercial y de los negocios : sociedades concursos / Raúl Aníbal Etcheverry. Buenos Aires : Eudeba, 20070 025484aEtcheverry, Raúl AníbalbdBuenos Aireso17703tDerecho comercial y de los negocios : sociedades concursosw( AR-FADEU) 019758xz978-950-23-1574-40 025484aEtcheverry, Raúl AníbalbdBuenos Aireso17704tDerecho comercial y de los negocios : sociedades concursosw( AR-FADEU) 019758xz978-950-23-1574-40 025484aEtcheverry, Raúl AníbalbdBuenos Aireso17705tDerecho comercial y de los negocios : sociedades concursosw( AR-FADEU) 019758xz978-950-23-1574-40 025484aEtcheverry, Raúl AníbalbdBuenos Aireso17706tDerecho comercial y de los negocios : sociedades concursosw( AR-FADEU) 019758xz978-950-23-1574-4